Oration, on the necessity for an entire change in the constitution and government of the Royal College of Surgeons, delivered before the Medical Society of London... / (Record no. 149050)

MARC details
000 -LEADER
campo de control de longitud fija 00721nam a2200169 i 4500
001 - NÚMERO DE CONTROL
campo de control 149050
003 - IDENTIFICADOR DE NÚMERO DE CONTROL
campo de control ES-MaACL
005 - FECHA Y HORA DE LA ÚLTIMA TRANSACCIÓN
campo de control 20230906202928.0
007 - CAMPO FIJO DE DESCRIPCIÓN FÍSICA--INFORMACIÓN GENERAL
campo de control de longitud fija t|
008 - DATOS DE LONGITUD FIJA--INFORMACIÓN GENERAL
campo de control de longitud fija 160727s1833 xxk r ||||1| eng d
100 1# - ENTRADA PRINCIPAL--NOMBRE DE PERSONA
Nombre de persona Salmon, Frederick.
9 (RLIN) 160213
245 10 - MENCIÓN DEL TÍTULO
Título Oration, on the necessity for an entire change in the constitution and government of the Royal College of Surgeons, delivered before the Medical Society of London... /
Mención de responsabilidad, etc. by Frederick Salmon.
260 ## - PUBLICACIÓN, DISTRIBUCIÓN, ETC.
Lugar de publicación, distribución, etc. London :
Nombre del editor, distribuidor, etc. Whittaker, Treacher, and Arnot,
Fecha de publicación, distribución, etc. 1833.
300 ## - DESCRIPCIÓN FÍSICA
Extensión 34 p. ;
Dimensiones 22 cm.
610 24 - PUNTO DE ACCESO ADICIONAL DE MATERIA--NOMBRE DE ENTIDAD CORPORATIVA
Nombre de entidad corporativa o nombre de jurisdicción como elemento de entrada Royal College of Surgeons of England.
9 (RLIN) 160214
852 ## - LOCALIZACIÓN
Ubicación ES-MaACL
Número de control de estantería T-483 bis-F-4
Nota libre -- Enc. hol., en el lomo "Folletos Cólera"
-- -- Enc. en un vol. facticio
Holdings
Estatus retirado Estado de pérdida Estado de daño No para préstamo Colección Biblioteca de origen Biblioteca actual Ubicación en estantería Fecha de adquisición Fuente de adquisición Total de préstamos Signatura topográfica completa Código de barras Visto por última vez Precio de reemplazo Tipo de ítem Koha
        Colección de folletos Biblioteca del Ateneo de Madrid Biblioteca del Ateneo de Madrid Depósito folletos 27/07/2016     T-483 bis-F-4 1195645 23/02/2023 23/02/2023 Folleto